000
00449nam a2200157Ia 4500
008
100122s9999 xx 000 0 und d
082
_b
75145
_a
BM823.08
100
_a
पुणेकर ईशान
245
_a
गोष्टी कानोकानी
250
_a
1
260
_c
2009
300
_a
30
630
_a
गोष्टी कानोकानी
730
_a
गोष्टी कानोकानी
942
_c
BOOK
999
_c
391197
_d
391194